WAJAH-WAJAH di sebalik cahaya

Bibliographic Details
Corporate Author: Lembaga Letrik Negara Tanah Melayu
Format: Book
Published: Kuala Lumpur : Lembaga Letrik Negara , 1988
Subjects:

MARC

LEADER 00000cam a2200000 7i4500
001 0000000769
005 20001003.0
020 0 0 |a 9839954229 
090 0 0 |a 333.79321509595   |b WAJ 1988 
245 0 0 |a WAJAH-WAJAH di sebalik cahaya 
260 0 0 |a Kuala Lumpur :   |b Lembaga Letrik Negara ,   |c 1988 
300 |a xxi, 544 p. :   |b ill. (some col.), col. maps ;   |c 23 cm. 
610 1 0 |a Lembaga Letrik Negara Tanah Melayu   |x History 
650 0 0 |a Electricity   |z Malaysia   |x History 
650 0 0 |a Electrification   |z Malaysia   |x History 
710 1 1 |a Lembaga Letrik Negara Tanah Melayu 
999 |a 0000000011   |b Monograph   |c Open Shelf   |e Default branch 
999 |a 0000000012   |b Monograph   |c Open Shelf   |e Default branch